Introduction to agricultural engineering (Record no. 13984)
[ view plain ]
| 000 -LEADER | |
|---|---|
| fixed length control field | 00341nam a22001337a 4500 |
| 020 ## - INTERNATIONAL STANDARD BOOK NUMBER | |
| ISBN | 9788190906531 |
| 082 ## - DEWEY DECIMAL CLASSIFICATION NUMBER | |
| Classification number | 631.1 |
| Item number | MCC/IN |
| 100 ## - MAIN ENTRY--AUTHOR NAME | |
| Personal name | McColly, H.F |
| -- | Martin, J.W |
| 245 ## - TITLE STATEMENT | |
| Title | Introduction to agricultural engineering |
| 260 ## - PUBLICATION, DISTRIBUTION, ETC. (IMPRINT) | |
| Place of publication | Jodhpur |
| Name of publisher | Axis books (India) |
| Year of publication | 2010 |
| 300 ## - PHYSICAL DESCRIPTION | |
| Number of Pages | 553 |
| 700 ## - ADDED ENTRY--PERSONAL NAME | |
| Personal name | Martin, J.W |
| 942 ## - ADDED ENTRY ELEMENTS (KOHA) | |
| Koha item type | Books |
| Withdrawn status | Lost status | Damaged status | Collection code | Home library | Current library | Shelving location | Date acquired | Source of acquisition | Cost, normal purchase price | Full call number | Accession Number | Koha item type |
|---|---|---|---|---|---|---|---|---|---|---|---|---|
| Non-fiction | KAUAET | KAUAET | General Stacks | 30/03/2013 | Neoti Book Agency | 1800.00 | 631.1 MCC/IN | 23853 | Books | |||
| KAUAET | KAUAET | General Stacks | 06/06/2016 | Southern Book Center | 1800.00 | 631.1 MCC/IN | 24906 | Books |
